La participacion de la comunidad en el desarrollo de su salud: un desafio para los servicios de salud. (Registro nro. 1518)
[ vista simple ]
| 000 -LEADER | |
|---|---|
| fixed length control field | 00902nam a2200253 a 4500 |
| 003 - CONTROL NUMBER IDENTIFIER | |
| control field | OSt |
| 005 - FECHA ULTIMA MODIFICACION | |
| control field | 20130625165719.0 |
| 008 - FIXED-LENGTH DATA ELEMENTS--GENERAL INFORMATION | |
| fixed length control field | 130625s1991 sz ||||| |||| 00| 0 spa d |
| 020 ## - INTERNATIONAL STANDARD BOOK NUMBER | |
| International Standard Book Number | 92 4 320809 8 |
| 040 ## - CATALOGING SOURCE | |
| Transcribing agency | Biblioteca Medicina |
| 041 ## - LANGUAGE CODE | |
| Language code of text/sound track or separate title | spa |
| 082 ## - DEWEY DECIMAL CLASSIFICATION NUMBER | |
| Classification number | OMS IT 809 |
| 110 ## - MAIN ENTRY--CORPORATE NAME | |
| Corporate name or jurisdiction name as entry element | Organizacion Mundial de la Salud |
| 9 (RLIN) | 1006 |
| 245 02 - TITLE STATEMENT | |
| Title | La participacion de la comunidad en el desarrollo de su salud: un desafio para los servicios de salud. |
| Remainder of title | Informe de un Grupo de Estudio de la OMS |
| 250 ## - EDITION STATEMENT | |
| Edition statement | 1° ed. |
| 260 ## - PUBLICATION, DISTRIBUTION, ETC. (IMPRINT) | |
| Place of publication, distribution, etc | Ginebra |
| Name of publisher, distributor, etc | Organizacion Mundial de la Salud |
| Date of publication, distribution, etc | 1991 |
| 300 ## - PHYSICAL DESCRIPTION | |
| Extent | 59 p. |
| 440 00 - SERIES STATEMENT/ADDED ENTRY--TITLE | |
| Title | Informes Tecnicos |
| Number of part/section of a work | 809 |
| 9 (RLIN) | 2456 |
| 653 ## - INDEX TERM--UNCONTROLLED | |
| Uncontrolled term | PARTICIPACION COMUNITARIA |
| 653 ## - INDEX TERM--UNCONTROLLED | |
| Uncontrolled term | SERVICIOS DE SALUD COMUNITARIA |
| 653 ## - INDEX TERM--UNCONTROLLED | |
| Uncontrolled term | PLANIFICACION DE LA SALUD |
| 942 ## - ADDED ENTRY ELEMENTS (KOHA) | |
| Source of classification or shelving scheme | Dewey Decimal Classification |
| Koha item type | Hemeroteca |
| Withdrawn status | Lost status | Fuente de clasificación | Damaged status | Not for loan | Colección | Ubicación permanente | Ubicación actual | Sala de ubicación | Fecha de adquisición | Total Checkouts | Número de clasificación | Código de barras | Date last seen | Número de ejemplar | Price effective from | Koha tipo de elemento (item) |
|---|---|---|---|---|---|---|---|---|---|---|---|---|---|---|---|---|
| Dewey Decimal Classification | Non-fiction | Biblioteca Medicina | Biblioteca Medicina | Circulación | 25/06/2013 | OMS IT 809 | H0039 | 06/11/2014 | Ej. 1 | 25/06/2013 | Hemeroteca |